000 00658nam a2200229Ia 4500
003 OSt
005 20220923225804.0
006 a|||||r|||| 00| 0
007 ta
008 Pun
024 _a274,689
037 _cTextual
040 _aARTS
_cARTS
_bPun
041 _2Pun
_aPun
082 _aO153,1J39:g, L8
100 _aਬੇਦੀ, ਕਾਲਾ ਸਿੰਘ
245 0 _aFਾਹ ਹੂਸੈਨ ਲਾਹੈਰੀ
_b ਜੀਵਨ ਅਤੇ ਰਚਨਾ
260 _c1978
650 _aਪੰਜਾਬੀ ਸਾਹਿਤ
942 _hO153,1J39:g, L8
_cTEXL
_2CC
999 _c380412
_d380412